Computer Support of Manufacturing Processes

Saved in:
Bibliographic Details
Main Author: Lacko, Roman, 1988-
Other Authors: Hurný, František
Format: Book Chapter
Language:English
Subjects:
Tags: Add Tag
No Tags, Be the first to tag this record!

MARC

LEADER 00000nla a2200000 4500
001 0240622
005 20240502073920.6
041 0 |a eng 
044 |a SK 
245 1 0 |a Computer Support of Manufacturing Processes  |c Roman Lacko, František Hurný 
500 |a Abstrakt 
610 2 0 |a proces výrobný 
610 2 0 |a technológie informačné 
610 2 0 |a technológie komunikačné 
610 2 0 |a technológie nové 
100 1 |a Lacko, Roman, 1988- 
700 1 |a Hurný, František